Get the Picture: Where's 'P' in USA? Quiz Stats

 Plays Quiz Updated Nov 1, 2019

Score 0/12 Timer 02:00
0 Plays Today
Question Answer Wrong Answers
Philadelphia Northeast
95.7%
Northwest
1%
Southwest
0.3%
Southeast
1.2%
Pittsburgh Northeast
95.6%
Northwest
1.2%
Southwest
0.4%
Southeast
1.3%
Providence Northeast
94.5%
Northwest
1.7%
Southwest
0.8%
Southeast
1.3%
Phoenix Southwest
93.8%
Northwest
2.9%
Northeast
0.8%
Southeast
0.8%
Provo Northwest
79.6%
Northeast
5.7%
Southwest
8.8%
Southeast
4.1%
Port St. Lucie Southeast
79.2%
Northwest
4.7%
Northeast
9.7%
Southwest
4.1%
Pompano Beach Southeast
71.5%
Northwest
6.7%
Northeast
3.5%
Southwest
16.3%
Pomona Southwest
55.5%
Northwest
26.4%
Northeast
4.9%
Southeast
11%
Pocatello Northwest
53%
Northeast
11.3%
Southwest
19.6%
Southeast
13.7%
Palmdale Southwest
50.5%
Northwest
12.9%
Northeast
2.8%
Southeast
31.8%
Pleasanton Northwest
48.9%
Northeast
28.9%
Southwest
9.2%
Southeast
10.9%
Pembroke Pines Southeast
38.1%
Northwest
26.3%
Northeast
27.8%
Southwest
5.9%

Today's Daily Dose

You're not logged in!

Compare scores with friends on all Sporcle quizzes.
OR
Log In

Sporcle TV

Today on Sporcle TV


Watch our educational content, quiz creation guides, and fun videos on Sporcle TV.

Show Comments

Extras

Top Quizzes Today


Score Distribution

Your Account Isn't Verified!

In order to create a playlist on Sporcle, you need to verify the email address you used during registration. Go to your Sporcle Settings to finish the process.

Report this User

Report this user for behavior that violates our Community Guidelines.

Details: